000 00504nam a2200181Ia 4500
008 100917s9999 xx 000 0 und d
082 _b3761
100 _aअर्नाळकर मधुकर
245 _aलाखाची शर्यत
260 _b---
_c1950
300 _a131
365 _b1.5
520 _aकादंबरी
630 _aलाखाची शर्यत
650 _aकादंबरी
730 _aलाखाची शर्यत
942 _cBOOK
999 _c609155
_d609152